LEADER 00750nam a2200205 i 4500 001 000000179753 003 CaOOAMICUS 005 20090522000000.0 008 090522s1959 it u000 u fre u 013 $a157359 040 $aSeMil$bita 245 10$a1.2. 260 $aMilano :$bMarzorati,$c1959. 300 $aXII,P. 674-1326 p. ;$c26 cm. 773 0 $tGrands courants de la pensée mondiale contemporaine.$dMilano : Marzorati $g1$w()20687 773 0 $tPanoramas nationaux.$dMilano : Marzorati, 1958.$g2$w()21391 850 $aSeMil 852 $aSeMil$W1$xVenegono$y1$m2Q IV 170$j130513$B130513$CSeMilBibl$Z2$F141951 $81 996 $6245$a1.2$9(OLS)http://semarc/title/118780 996 $6260$aMilano :$bMarzorati$9(OLS)http://semarc/publisher/29683 LEADER 01124nam a2200265 i 4500 001 000000246217 003 CaOOAMICUS 005 20151028000000.0 008 151028s2012 it u000 u ita u 013 $a225122 020 $a978-88-315-4066-7 040 $aSeMil$bita 100 1 $aPiacentini, Benedetto.$0(OLS)http://semarc/name/82690 245 12$aI Salmi :$bpreghiera e poesia /$cBenedetto Piacentini. 260 $aMilano :$bPaoline,$c2012. 300 $a811 p. ;$c22 cm. 490 0 $aLa Parola e la sua ricchezza ;$v14 650 4$aBibbia. Antico Testamento. Salmi - Commentari, studi, critica, interpretazioni.$0(OLS)http://semarc/subject/289 830 3$aLa Parola e la sua ricchezza ;$v14.$0(OLS)http://semarc/title/34004 850 $aSeMil 852 $aSeMil$W1$xVenegono$y1$m2V III 270$j196563$B196563$CSeMilBibl$Z2$F207352 $81 961 $aAcquisto: LdS 996 $6020$a978-88-315-4066-7$9(OLS)http://semarc/number/255073 996 $6245$aI Salmi :$bpreghiera e poesia$9(OLS)http://semarc/title/409823 996 $6260$aMilano :$bPaoline$9(OLS)http://semarc/publisher/29684